[Event "4NCL Division 4 South"]
[Site "Reading, ENG"]
[Date "2017.11.12"]
[Round "2.55"]
[White "Karia, Devin"]
[Black "Fowler, David"]
[Result "1/2-1/2"]
[WhiteElo "1652"]
[BlackElo "1918"]
[PlyCount "77"]
[EventDate "2017.11.12"]
[WhiteTeam "Barnet Knights 2"]
[BlackTeam "CSC 2"]

1. d4 d5 2. Nf3 Nf6 3. Bf4 c5 4. e3 cxd4 5. exd4 Bg4 6. Be2 Nc6 7. c3 Qb6 8.
Qb3 Qxb3 9. axb3 e6 10. Nbd2 Be7 11. Bb5 Bxf3 12. Nxf3 Nd7 13. b4 a6 14. Bxc6
bxc6 15. O-O O-O 16. Ne5 Nxe5 17. Bxe5 Ra7 18. Ra5 Rfa8 19. Rfa1 f6 20. Bg3 Kf7
21. b3 Ke8 22. R5a4 Kd7 23. c4 dxc4 24. bxc4 Rb7 25. c5 Rba7 26. f3 g6 27. Kf1
h5 28. h4 f5 29. Ke2 Bf6 30. Kd3 Kc8 31. Kc4 Rd7 32. Bd6 Rda7 33. g3 Kb7 34.
Bf4 Rd8 35. Bd6 Raa8 36. Re1 Re8 37. Ra2 Kc8 38. Bf4 Ra7 39. Bd6 1/2-1/2

[Event "4NCL Division 4 South"]
[Site "Reading, ENG"]
[Date "2017.11.12"]
[Round "2.56"]
[White "Mashayekh, Majid"]
[Black "Kesterson, Kennan"]
[Result "1-0"]
[WhiteElo "1913"]
[BlackElo "1592"]
[PlyCount "77"]
[EventDate "2017.11.12"]
[WhiteTeam "CSC 2"]
[BlackTeam "Barnet Knights 2"]

1. c4 Nf6 2. Nc3 g6 3. g3 Bg7 4. Bg2 d6 5. e4 e5 6. Nge2 Nc6 7. O-O O-O 8. d3
Nh5 9. Nd5 f5 10. exf5 gxf5 11. Nec3 Nf6 12. Bg5 Nd4 13. Nb5 Ne6 14. Nxf6+ Bxf6
15. Bd2 c6 16. Nc3 Kh8 17. Ne2 Rg8 18. Bc3 f4 19. Kh1 Bd7 20. d4 Rg7 21. dxe5
Bxe5 22. Bxe5 dxe5 23. Qd6 Qf6 24. Ng1 Rd8 25. Rae1 Rg5 26. Nf3 Rh5 27. Rxe5
Rxe5 28. Qxe5 Qxe5 29. Nxe5 Be8 30. Re1 fxg3 31. hxg3 Ng7 32. Nf3 Bg6 33. Re7
Rb8 34. Ne5 Bb1 35. a3 Re8 36. Nf7+ Kg8 37. Rxb7 Rf8 38. Nh6+ Kh8 39. Bxc6 1-0

[Event "4NCL Division 4 South"]
[Site "Reading, ENG"]
[Date "2017.11.12"]
[Round "2.61"]
[White "Ogunshola, Ben"]
[Black "Lambourne, Dan M"]
[Result "1-0"]
[WhiteElo "2155"]
[BlackElo "1980"]
[PlyCount "99"]
[EventDate "2017.11.12"]
[WhiteTeam "The Pitstop"]
[BlackTeam "MK Phoenix 2"]

1. c4 Nf6 2. Nf3 c5 3. g3 g6 4. Bg2 Bg7 5. Nc3 O-O 6. O-O d5 7. cxd5 Nxd5 8.
Nxd5 Qxd5 9. d3 Nc6 10. Be3 Qd6 11. Rc1 Nd4 12. Nd2 Bf5 13. Bxb7 Rab8 14. Nc4
Qd8 15. Bg2 Nxe2+ 16. Qxe2 Bxd3 17. Qe1 Bxf1 18. Bxf1 Qd5 19. b3 e6 20. Bg2 Qd7
21. Bxc5 Rfc8 22. Be3 e5 23. Qa5 Rc7 24. Re1 f6 25. Bf3 Bf8 26. Rd1 Qg7 27. Rd5
h5 28. h4 Kh7 29. Qe1 Kg8 30. Bc1 Re7 31. Ba3 Rd7 32. Bxf8 Kxf8 33. Qd2 Rbd8
34. Rxd7 Rxd7 35. Qc1 f5 36. Ne3 Kg8 37. Bd5+ Kh7 38. Bc4 e4 39. Nd5 Qd4 40.
Nf4 Qb6 41. Ne6 Rd6 42. Ng5+ Kg7 43. Qc3+ Kf8 44. Qh8+ Ke7 45. Qg7+ Ke8 46.
Qf7+ Kd8 47. Ne6+ Kc8 48. Ba6+ Kb8 49. Qe8+ Rd8 50. Qxd8+ 1-0

[Event "4NCL Division 4 South"]
[Site "Reading, ENG"]
[Date "2017.11.12"]
[Round "2.62"]
[White "Valentine, Brian J"]
[Black "Froom, Oliver"]
[Result "0-1"]
[WhiteElo "1937"]
[BlackElo "1945"]
[PlyCount "130"]
[EventDate "2017.11.12"]
[WhiteTeam "MK Phoenix 2"]
[BlackTeam "The Pitstop"]

1. e4 c5 2. Nf3 d6 3. Bb5+ Bd7 4. Bxd7+ Qxd7 5. O-O Nf6 6. Qe2 Nc6 7. c4 g6 8.
Nc3 Bg7 9. d3 O-O 10. h3 a6 11. Nd5 Qd8 12. Rb1 e6 13. Nxf6+ Bxf6 14. b3 Qa5
15. a4 b5 16. Bd2 Qb6 17. Bf4 Rfd8 18. Qd2 Rab8 19. axb5 axb5 20. Bg5 Bxg5 21.
Qxg5 Qc7 22. Qd2 Rb7 23. d4 bxc4 24. bxc4 Rxb1 25. Rxb1 cxd4 26. Nxd4 Ne5 27.
Rc1 Nxc4 28. Qa2 d5 29. exd5 exd5 30. Qa6 Qb6 31. Qxb6 Nxb6 32. Rb1 Nc4 33. Rb5
Kg7 34. Rb7 Rd6 35. Rc7 Ne5 36. f4 Rd7 37. Rxd7 Nxd7 38. Kf2 Kf6 39. Ke3 Ke7
40. g4 Kd6 41. f5 g5 42. Nf3 h6 43. Kd4 f6 44. Ke3 Nb8 45. Nd4 Nc6 46. Ne6 Ke5
47. Nf8 Kd6 48. Ne6 Ne5 49. Ng7 Kc5 50. Nh5 Nd7 51. Ng7 d4+ 52. Kd2 Kd5 53. Ne8
Ke5 54. Nc7 Ke4 55. Ke2 Ne5 56. Ne8 d3+ 57. Kd1 Nd7 58. Nd6+ Ke3 59. Nc4+ Kd4
60. Nd6 Nc5 61. Nb5+ Ke3 62. Nc3 Ne4 63. Nd5+ Kd4 64. Nb4 Kc4 65. Nc6 Kc3 0-1

[Event "4NCL Division 4 South"]
[Site "Reading, ENG"]
[Date "2017.11.12"]
[Round "2.63"]
[White "Green, George D A"]
[Black "Williamson, Kevin J"]
[Result "0-1"]
[WhiteElo "1862"]
[BlackElo "1903"]
[PlyCount "88"]
[EventDate "2017.11.12"]
[WhiteTeam "The Pitstop"]
[BlackTeam "MK Phoenix 2"]

1. Nf3 d5 2. d4 Nc6 3. c4 Bg4 4. e3 e6 5. cxd5 exd5 6. Be2 Nf6 7. O-O Bd6 8.
Nc3 O-O 9. Qb3 Rb8 10. h3 Be6 11. a3 Ne4 12. Qc2 f5 13. b4 Nxc3 14. Qxc3 h6 15.
Bd2 Ne7 16. Ne5 Bxe5 17. dxe5 c6 18. f3 g5 19. b5 cxb5 20. Bxb5 Rc8 21. Qd4 a6
22. Bd3 Nc6 23. Qb2 Qc7 24. Bc3 Qf7 25. Rab1 Rc7 26. Rbc1 Rfc8 27. Rc2 f4 28.
Bd4 fxe3 29. Bb6 Rd7 30. Bxe3 d4 31. Bf2 Rdd8 32. Rfc1 Nxe5 33. Rxc8 Bxc8 34.
Be4 Nc4 35. Qe2 b5 36. a4 Bf5 37. Qd3 Bxe4 38. Qxe4 d3 39. Rd1 d2 40. Qc2 bxa4
41. Qc3 a3 42. Be3 Nxe3 43. Qxe3 a2 44. Qa3 Qe6 0-1

[Event "4NCL Division 4 South"]
[Site "Reading, ENG"]
[Date "2017.11.12"]
[Round "2.64"]
[White "Whiteside, Robert"]
[Black "Sloan, Hamish"]
[Result "0-1"]
[WhiteElo "1817"]
[BlackElo "1517"]
[PlyCount "118"]
[EventDate "2017.11.12"]
[WhiteTeam "MK Phoenix 2"]
[BlackTeam "The Pitstop"]

1. e4 c5 2. d4 cxd4 3. c3 d3 4. Bxd3 Nc6 5. Nf3 d6 6. O-O Nf6 7. h3 e5 8. Qe2
Be7 9. Nbd2 a6 10. Nc4 Be6 11. Rd1 b5 12. Ne3 Qc7 13. Ng5 h6 14. Nxe6 fxe6 15.
Bc2 O-O 16. Bb3 Nd8 17. Nf1 Kh8 18. Ng3 Nd7 19. Be3 Nc5 20. Bc2 Rc8 21. a4 bxa4
22. Bxa4 Nxa4 23. Rxa4 a5 24. Rda1 Nb7 25. Qb5 Qc6 26. Qb3 d5 27. exd5 exd5 28.
Rd1 Rfd8 29. Rg4 Nc5 30. Qc2 Rg8 31. Rg6 Qe8 32. Rxd5 Rc6 33. Rxc6 Qxc6 34. c4
Nd7 35. Rxa5 Rc8 36. Ra7 Bc5 37. Bxc5 Nxc5 38. Qf5 Qe6 39. Qxe6 Nxe6 40. Re7
Nd4 41. Rxe5 Rxc4 42. Re4 Rc1+ 43. Kh2 Nb3 44. Re3 Nd2 45. Rc3 Rb1 46. Rc2 Nb3
47. Ne4 Rd1 48. f3 Ra1 49. Kg3 Nd4 50. Rc8+ Kh7 51. b4 Rb1 52. Rc4 Nb5 53. Kg4
Rb2 54. g3 Na3 55. Rc7 Rxb4 56. h4 Rb6 57. h5 Nb5 58. Re7 Nd4 59. Kh4 Nf5+ 0-1

[Event "4NCL Division 4 South"]
[Site "Reading, ENG"]
[Date "2017.11.12"]
[Round "2.65"]
[White "Fernando, Manel"]
[Black "Majer, Chris E"]
[Result "1-0"]
[WhiteElo "1499"]
[BlackElo "1874"]
[PlyCount "61"]
[EventDate "2017.11.12"]
[WhiteTeam "The Pitstop"]
[BlackTeam "MK Phoenix 2"]

1. d4 Nf6 2. Bf4 b6 3. Nf3 Bb7 4. e3 e6 5. Nbd2 c5 6. c3 Be7 7. Bd3 O-O 8. O-O
d6 9. Bc2 Nbd7 10. Qe2 Nh5 11. Bg3 Nxg3 12. hxg3 Nf6 13. Ng5 h6 14. Nh3 Rc8 15.
f4 Qc7 16. g4 Qc6 17. g5 Nh5 18. Rf2 g6 19. Qg4 Ng7 20. gxh6 Nf5 21. Re1 Bh4
22. h7+ Kg7 23. Ne4 Bxf2+ 24. Kxf2 cxd4 25. exd4 Nxd4 26. Bd3 Nf5 27. Qg5 d5
28. Qf6+ Kxh7 29. Nhg5+ Kg8 30. Rh1 Ng7 31. Rh7 1-0

[Event "4NCL Division 4 South"]
[Site "Reading, ENG"]
[Date "2017.11.12"]
[Round "2.66"]
[White "Shaw, John S"]
[Black "Faizi, Tariq"]
[Result "1-0"]
[WhiteElo "1709"]
[BlackElo "1456"]
[PlyCount "33"]
[EventDate "2017.11.12"]
[WhiteTeam "MK Phoenix 2"]
[BlackTeam "The Pitstop"]

1. Nf3 Nc6 2. d4 d5 3. Bf4 Nf6 4. e3 e6 5. Nbd2 Bd7 6. c3 Ne7 7. Bd3 Ng6 8. Ne5
Rc8 9. Bg3 c5 10. O-O cxd4 11. exd4 b5 12. Nxd7 Qxd7 13. Qe2 a6 14. a4 bxa4 15.
Bxa6 Ne7 16. Bxc8 Nxc8 17. Qa6 1-0

[Event "4NCL Division 4 South"]
[Site "Reading, ENG"]
[Date "2017.11.12"]
[Round "2.71"]
[White "Dhemrait, Jagdeep"]
[Black "Rudge, Jerry F"]
[Result "1/2-1/2"]
[WhiteElo "1777"]
[BlackElo "2050"]
[PlyCount "120"]
[EventDate "2017.11.12"]
[WhiteTeam "Cambridge University 3"]
[BlackTeam "Watford"]

1. e4 c5 2. Nc3 e6 3. f4 a6 4. Nf3 Nc6 5. a3 b5 6. d3 d5 7. Bd2 Nf6 8. e5 Nd7
9. Be2 Be7 10. O-O O-O 11. Qe1 f5 12. Qg3 Nb6 13. Kh1 Bb7 14. Nd1 d4 15. b3 Qd7
16. Qh3 Nd5 17. g4 g6 18. Rg1 Rf7 19. g5 Bd8 20. Qg3 Ba5 21. Bc1 Nc3 22. Nxc3
Bxc3 23. Rb1 Ne7 24. h4 Bc6 25. Kh2 Nd5 26. h5 a5 27. Nh4 Rg7 28. Bf3 a4 29.
hxg6 hxg6 30. Kg2 Kf7 31. Rh1 Rh8 32. Rh3 Rgh7 33. Kf2 axb3 34. cxb3 Nb6 35.
Bxc6 Qxc6 36. Bb2 Bxb2 37. Rxb2 Nd5 38. Rb1 Ne3 39. Rbh1 Ng4+ 40. Ke2 Kg7 41.
Qf3 Qa6 42. Kf1 Rh5 43. Kg2 Qa8 44. Kg3 Ne3 45. R3h2 Qxf3+ 46. Kxf3 Ra8 47. Ra1
Nd5 48. Kg3 Nc3 49. Rhh1 Rhh8 50. Rh2 Kf7 51. a4 bxa4 52. bxa4 Nxa4 53. Nxf5
exf5 54. Rxh8 Rxh8 55. Rxa4 Rb8 56. Ra7+ Kg8 57. Rc7 Rb3 58. Rxc5 Rxd3+ 59. Kf2
Re3 60. Rd5 Re4 1/2-1/2

[Event "4NCL Division 4 South"]
[Site "Reading, ENG"]
[Date "2017.11.12"]
[Round "2.72"]
[White "Nelson, Omowale"]
[Black "Dhemrait, Surjit S"]
[Result "1-0"]
[WhiteElo "1946"]
[BlackElo "1496"]
[PlyCount "85"]
[EventDate "2017.11.12"]
[WhiteTeam "Watford"]
[BlackTeam "Cambridge University 3"]

1. d4 d5 2. c4 c6 3. Nf3 Nf6 4. Nc3 Bf5 5. e3 e6 6. Qb3 Qb6 7. c5 Qxb3 8. axb3
Nbd7 9. b4 Be7 10. Be2 O-O 11. O-O Bd8 12. b5 Ne4 13. bxc6 Nxc3 14. bxc3 bxc6
15. Ra6 Nb8 16. Ra2 Bc7 17. Nh4 Bg6 18. Nxg6 hxg6 19. Ba6 Nxa6 20. Rxa6 Rfc8
21. g3 Bd8 22. Bd2 Rc7 23. Rb1 Bf6 24. f4 g5 25. c4 gxf4 26. gxf4 Kf8 27. Ba5
Rcc8 28. cxd5 exd5 29. Rb7 Ke8 30. Kg2 Bh4 31. Kf3 f5 32. Rxg7 Be7 33. Rg8+ Kd7
34. Rxc8 Rxc8 35. Rxa7+ Ke6 36. Bb6 Kf6 37. Bc7 Ke6 38. Be5 Bf6 39. Rh7 Be7 40.
h4 Rg8 41. h5 Rc8 42. Rxe7+ Kxe7 43. h6 1-0

[Event "4NCL Division 4 South"]
[Site "Reading, ENG"]
[Date "2017.11.12"]
[Round "2.73"]
[White "Nettleton, Robin"]
[Black "Dunlop, Neil J"]
[Result "0-1"]
[WhiteElo "1510"]
[BlackElo "1824"]
[PlyCount "42"]
[EventDate "2017.11.12"]
[WhiteTeam "Cambridge University 3"]
[BlackTeam "Watford"]

1. d4 f5 2. Bf4 e6 3. e3 Nf6 4. Nf3 d5 5. c4 Bd6 6. Bxd6 Qxd6 7. Ne5 c5 8. Be2
O-O 9. O-O Nbd7 10. f4 b6 11. Nc3 Ba6 12. Qb3 cxd4 13. exd4 dxc4 14. Bxc4 Qxd4+
15. Kh1 Bxc4 16. Nxc4 Nc5 17. Qb4 Nd3 18. Qb5 Nf2+ 19. Kg1 Nh3+ 20. Kh1 Qg1+
21. Rxg1 Nf2# 0-1

[Event "4NCL Division 4 South"]
[Site "Reading, ENG"]
[Date "2017.11.12"]
[Round "2.74"]
[White "Pigott, Darrell N"]
[Black "Balasundaram, Sivasatyan"]
[Result "1-0"]
[WhiteElo "1862"]
[BlackElo "1330"]
[PlyCount "53"]
[EventDate "2017.11.12"]
[WhiteTeam "Watford"]
[BlackTeam "Cambridge University 3"]

1. e4 c5 2. Nf3 Nc6 3. c3 e6 4. d4 d5 5. exd5 exd5 6. Bd3 Nf6 7. O-O Be7 8.
dxc5 Bxc5 9. Re1+ Be7 10. Bg5 O-O 11. Qc2 h6 12. Bh4 Re8 13. Nbd2 b6 14. Re2
Be6 15. Rae1 Qd7 16. Bb5 Rad8 17. Bxc6 Qxc6 18. Nd4 Qd7 19. Nxe6 fxe6 20. Rxe6
Kf8 21. Qg6 Rc8 22. Nf3 Qd8 23. Bxf6 gxf6 24. Qxh6+ Kf7 25. Qh7+ Kf8 26. Ng5
fxg5 27. Rg6 1-0

[Event "4NCL Division 4 South"]
[Site "Reading, ENG"]
[Date "2017.11.12"]
[Round "2.75"]
[White "Dhemrait, Manav"]
[Black "Charles, Simon"]
[Result "0-1"]
[WhiteElo "1337"]
[BlackElo "1780"]
[PlyCount "76"]
[EventDate "2017.11.12"]
[WhiteTeam "Cambridge University 3"]
[BlackTeam "Watford"]

1. e4 c5 2. Nf3 g6 3. d4 Bg7 4. dxc5 Qa5+ 5. c3 Qxc5 6. Be3 Qc7 7. Nbd2 Nc6 8.
Bc4 Nf6 9. O-O O-O 10. Qb3 Na5 11. Qa4 Nxc4 12. Nxc4 Qc6 13. Qb4 d6 14. Ncd2
Nd7 15. Qa3 b6 16. Bg5 Re8 17. Rfe1 Bb7 18. Re3 Nc5 19. Rae1 Ne6 20. e5 Nxg5
21. exd6 Nxf3+ 22. Nxf3 exd6 23. Rxe8+ Rxe8 24. Rxe8+ Qxe8 25. Qxd6 Bxf3 26.
gxf3 Qe1+ 27. Kg2 Bf8 28. Qd8 Kg7 29. Qd4+ f6 30. Qd7+ Qe7 31. Qxe7+ Bxe7 32.
b3 f5 33. c4 Kf6 34. Kf1 Ke5 35. Ke2 Bc5 36. h3 Kf4 37. a4 g5 38. Kf1 Kxf3 0-1

[Event "4NCL Division 4 South"]
[Site "Reading, ENG"]
[Date "2017.11.12"]
[Round "2.76"]
[White "Sloan, Cecil"]
[Black "Balasundarm, Akhilan"]
[Result "1-0"]
[WhiteElo "1614"]
[BlackElo "1225"]
[PlyCount "22"]
[EventDate "2017.11.12"]
[WhiteTeam "Watford"]
[BlackTeam "Cambridge University 3"]

1. e4 e5 2. Nf3 Nc6 3. d4 exd4 4. Bc4 Bc5 5. c3 dxc3 6. Bxf7+ Kxf7 7. Qd5+ Ke8
8. Qh5+ g6 9. Qxc5 d6 10. Qxc3 Nge7 11. Qxh8+ Kf7 1-0

[Event "4NCL Division 4 South"]
[Site "Reading, ENG"]
[Date "2017.11.12"]
[Round "2.81"]
[White "Howell, Susan C"]
[Black "Rowan, Daniel"]
[Result "1/2-1/2"]
[WhiteElo "1772"]
[BlackElo "1813"]
[PlyCount "36"]
[EventDate "2017.11.12"]
[WhiteTeam "Sussex Martlets 3"]
[BlackTeam "Oxford 4"]

1. d4 d5 2. c4 e6 3. Nc3 c5 4. cxd5 exd5 5. Nf3 Nc6 6. g3 Nf6 7. Bg2 Be7 8. O-O
O-O 9. Bf4 c4 10. Ne5 Be6 11. Nxc6 bxc6 12. e4 Nxe4 13. Nxe4 dxe4 14. Bxe4 Qb6
15. Rb1 Rad8 16. Qf3 Bd5 17. Rfd1 Rfe8 18. Bxd5 cxd5 1/2-1/2

[Event "4NCL Division 4 South"]
[Site "Reading, ENG"]
[Date "2017.11.12"]
[Round "2.82"]
[White "Neatherway, A Philip"]
[Black "Coleman, Frederick"]
[Result "1-0"]
[WhiteElo "1809"]
[BlackElo "1750"]
[PlyCount "71"]
[EventDate "2017.11.12"]
[WhiteTeam "Oxford 4"]
[BlackTeam "Sussex Martlets 3"]

1. e4 c5 2. Nc3 g6 3. g3 Bg7 4. Bg2 e6 5. d3 Nc6 6. Be3 d6 7. f4 Nge7 8. Nh3
O-O 9. O-O Rb8 10. a4 Nd4 11. Qd2 f5 12. Rae1 e5 13. Nd5 Bd7 14. c3 Ne6 15.
fxe5 dxe5 16. Ng5 Nxd5 17. exd5 Nxg5 18. Bxg5 Qb6 19. Ra1 Rbe8 20. a5 Qd6 21.
Rae1 Bb5 22. c4 Bd7 23. b4 cxb4 24. Be3 b6 25. axb6 axb6 26. Rb1 f4 27. gxf4
exf4 28. Bxf4 Qc5+ 29. Kh1 Bc3 30. Qd1 Kh8 31. Bh6 Rxf1+ 32. Qxf1 Bf5 33. Bh3
Bxh3 34. Qxh3 Qf2 35. Qf1 Qxf1+ 36. Rxf1 1-0

[Event "4NCL Division 4 South"]
[Site "Reading, ENG"]
[Date "2017.11.12"]
[Round "2.83"]
[White "Woods, Timothy J"]
[Black "Cole, Graham"]
[Result "1/2-1/2"]
[WhiteElo "1642"]
[BlackElo "1824"]
[PlyCount "42"]
[EventDate "2017.11.12"]
[WhiteTeam "Sussex Martlets 3"]
[BlackTeam "Oxford 4"]

1. e4 c5 2. Nf3 d6 3. d4 cxd4 4. Nxd4 Nf6 5. Nc3 g6 6. Be3 Bg7 7. f3 O-O 8. Qd2
Nc6 9. Bc4 Bd7 10. O-O-O Rb8 11. Bb3 Na5 12. h4 b5 13. h5 Nc4 14. Bxc4 bxc4 15.
hxg6 fxg6 16. Bh6 Bxh6 17. Qxh6 Qb6 18. b3 cxb3 19. axb3 Rf7 20. Qg5 Rg7 21.
Kb2 Qc5 1/2-1/2

[Event "4NCL Division 4 South"]
[Site "Reading, ENG"]
[Date "2017.11.12"]
[Round "2.85"]
[White "Littlehales, Alexander"]
[Black "Beckett, Richard"]
[Result "0-1"]
[WhiteElo "1627"]
[BlackElo "1646"]
[Annotator "Alan"]
[PlyCount "64"]
[EventDate "2017.11.12"]
[WhiteTeam "Sussex Martlets 3"]
[BlackTeam "Oxford 4"]

1. e4 c5 2. Nf3 d6 3. d4 cxd4 4. Nxd4 Nf6 5. Nc3 a6 6. Be3 e5 7. Nb3 Be6 8. f3
Be7 9. Qd2 O-O 10. O-O-O b5 11. g4 b4 12. Nd5 Bxd5 13. exd5 a5 14. h4 a4 15.
Na1 b3 16. axb3 a3 17. h5 axb2+ 18. Kxb2 Nfd7 19. g5 f5 20. g6 f4 21. gxh7+
Kxh7 22. Bd3+ Kg8 23. Bf2 Bf6 24. Be4 Na6 25. h6 g5 26. Bf5 e4+ 27. Bd4 e3 28.
Be6+ Kh8 29. Qc3 Ne5 30. h7 Nxf3 31. Bxf6+ Qxf6 32. Qxf6+ Rxf6 {scoresheets
disagree} 0-1

[Event "4NCL Division 4 South"]
[Site "Reading, ENG"]
[Date "2017.11.12"]
[Round "2.86"]
[White "Burcham, Tony"]
[Black "Bennett, Max"]
[Result "1-0"]
[WhiteElo "1662"]
[BlackElo "1630"]
[PlyCount "101"]
[EventDate "2017.11.12"]
[WhiteTeam "Oxford 4"]
[BlackTeam "Sussex Martlets 3"]

1. c4 Nf6 2. g3 g6 3. Bg2 Bg7 4. Nc3 O-O 5. e4 d6 6. d3 c5 7. Nge2 Nc6 8. a3
Be6 9. O-O a6 10. Ra2 Qc7 11. Nd5 Bxd5 12. exd5 Ne5 13. b4 Ned7 14. Nc3 Kh8 15.
Be3 Rfc8 16. Qc1 Ne5 17. bxc5 Nxd3 18. cxd6 Qxc4 19. Qd2 exd6 20. Rd1 Qxc3 21.
Qxd3 Qxd3 22. Rxd3 b5 23. Bf4 Bf8 24. Bg5 Kg7 25. Re2 Re8 26. Rc2 Rac8 27. Rc6
Rxc6 28. dxc6 Rc8 29. Bd2 d5 30. Rc3 b4 31. Rc1 bxa3 32. Bh3 Ng4 33. Bxg4 f5
34. Bf3 d4 35. Bd5 Kf6 36. Kg2 Ke5 37. Ba2 Ke4 38. Bb1+ Kd5 39. Ba2+ Ke4 40.
Bb1+ Kd5 41. f3 Rxc6 42. Ba2+ Kd6 43. Bb4+ Kd7 44. Rxc6 Bxb4 45. Rxa6 d3 46.
Kf2 d2 47. Ke2 Ke7 48. Ra7+ Kd6 49. Rxh7 Kc5 50. Rc7+ Kd4 51. Rc4+ 1-0

[Event "4NCL Division 4 South"]
[Site "Reading, ENG"]
[Date "2017.11.12"]
[Round "2.91"]
[White "Farr, Peter G"]
[Black "Heard, Andrew H"]
[Result "0-1"]
[WhiteElo "2215"]
[BlackElo "1887"]
[PlyCount "82"]
[EventDate "2017.11.12"]
[WhiteTeam "Kent KJCA Kestrels"]
[BlackTeam "Invicta Chess"]

1. c4 Nf6 2. Nc3 c5 3. g3 g6 4. Bg2 Bg7 5. e4 d6 6. Nge2 e5 7. O-O O-O 8. d3
Nc6 9. f4 Nd4 10. f5 Bd7 11. h3 Ne8 12. g4 g5 13. Be3 Nxe2+ 14. Qxe2 Rb8 15. b4
b6 16. Nd5 f6 17. Rab1 Rf7 18. Rb2 Bc6 19. Rfb1 Rfb7 20. Nc3 Nc7 21. a3 Bf8 22.
Bf3 Be7 23. Qd2 h6 24. h4 Kg7 25. Kg2 a5 26. hxg5 hxg5 27. Rh1 axb4 28. axb4 b5
29. cxb5 cxb4 30. Nd5 Bxd5 31. exd5 Rxb5 32. Kg3 Nxd5 33. Qh2 Qg8 34. Bxd5 Rxd5
35. Qh6+ Kf7 36. Rbh2 Rxd3 37. Qh7+ Qxh7 38. Rxh7+ Ke8 39. Kf3 Rb7 40. Ke4 Rc3
41. Bxg5 d5+ 0-1

[Event "4NCL Division 4 South"]
[Site "Reading, ENG"]
[Date "2017.11.12"]
[Round "2.92"]
[White "Gazes, Matthew"]
[Black "Gluckman, Tim"]
[Result "0-1"]
[WhiteElo "1766"]
[BlackElo "1982"]
[PlyCount "60"]
[EventDate "2017.11.12"]
[WhiteTeam "Invicta Chess"]
[BlackTeam "Kent KJCA Kestrels"]

1. e4 g6 2. d4 d6 3. c4 Bg7 4. Nc3 Nc6 5. Nf3 e5 6. d5 Nce7 7. Be2 h6 8. Nd2
Nf6 9. O-O O-O 10. a3 Ne8 11. b4 f5 12. f3 f4 13. c5 g5 14. Nc4 h5 15. Bd2 Rf6
16. Rc1 Rg6 17. Be1 Kh7 18. g4 fxg3 19. hxg3 Bh3 20. Rf2 Rh6 21. Rh2 Bd7 22.
Bf2 Ng6 23. Be3 h4 24. gxh4 Rxh4 25. Rxh4+ gxh4 26. Qd2 Qf6 27. Kf2 Nf4 28. Rh1
h3 29. Bf1 Qh4+ 30. Kg1 Qg3+ 0-1

[Event "4NCL Division 4 South"]
[Site "Reading, ENG"]
[Date "2017.11.12"]
[Round "2.93"]
[White "Watson, Jacob"]
[Black "Dovey, Andrew JW"]
[Result "1-0"]
[WhiteElo "1952"]
[BlackElo "1757"]
[Annotator "Alan"]
[PlyCount "48"]
[EventDate "2017.11.12"]
[WhiteTeam "Kent KJCA Kestrels"]
[BlackTeam "Invicta Chess"]

1. e4 e6 2. d4 g6 3. Nf3 b6 4. c4 Bg7 5. Nc3 Bb7 6. Be2 Ne7 7. Be3 c6 8. Qd2 h6
9. O-O-O d6 10. h4 Nd7 11. Kb1 Qc7 12. d5 exd5 13. exd5 Bxc3 14. bxc3 O-O-O 15.
dxc6 Qxc6 16. Nd4 Qxg2 17. Nb5 Nf5 18. Rhg1 Qe4+ 19. Bd3 Qe6 20. Bxf5 Qxf5+ 21.
Ka1 Kb8 22. Nxd6 Qe6 23. Bf4 Ka8 24. Rde1 Qf6 {scoresheets} 1-0

[Event "4NCL Division 4 South"]
[Site "Reading, ENG"]
[Date "2017.11.12"]
[Round "2.94"]
[White "Fowler, David J"]
[Black "Cook, John"]
[Result "0-1"]
[WhiteElo "1655"]
[BlackElo "1795"]
[PlyCount "116"]
[EventDate "2017.11.12"]
[WhiteTeam "Invicta Chess"]
[BlackTeam "Kent KJCA Kestrels"]

1. e4 c5 2. Nc3 Nc6 3. f4 g6 4. Nf3 Bg7 5. Bb5 Nd4 6. O-O Nxb5 7. Nxb5 d5 8.
exd5 a6 9. Nc3 Nf6 10. d4 cxd4 11. Qxd4 O-O 12. Be3 Bf5 13. Qd2 Rc8 14. Bd4 b5
15. Rac1 Qd6 16. Be5 Qb4 17. Nd4 Bd7 18. Rf3 Rfd8 19. Rd3 Qc5 20. Kh1 b4 21.
Bxf6 Bxf6 22. Ne4 Qb6 23. Nxf6+ Qxf6 24. c3 bxc3 25. Rdxc3 Rxc3 26. Rxc3 Qd6
27. Nf3 Bb5 28. Qc1 Qxd5 29. h3 Qxa2 30. Rc8 Rxc8 31. Qxc8+ Kg7 32. Qc3+ f6 33.
Kh2 Kf7 34. Nd4 Qd5 35. Nf3 Qe4 36. Qd2 Qd3 37. Kg3 Qxd2 38. Nxd2 Ke6 39. Kf2
Kd5 40. Ke3 e5 41. fxe5 Kxe5 42. g3 f5 43. Nf3+ Kf6 44. Nd2 g5 45. h4 h6 46.
Nf3 Bc6 47. Nd2 Bd5 48. Kd4 Ke6 49. Nf1 gxh4 50. gxh4 f4 51. Nd2 Bg2 52. Nb3
Kf5 53. Nc5 Bf1 54. Ne4 Kg4 55. Nd2 Bg2 56. Kd3 Kxh4 57. Ke2 Kg3 58. Ke1 h5 0-1

[Event "4NCL Division 4 South"]
[Site "Reading, ENG"]
[Date "2017.11.12"]
[Round "2.95"]
[White "Moore, Eoin"]
[Black "Lettington, David"]
[Result "1/2-1/2"]
[WhiteElo "1532"]
[BlackElo "1645"]
[PlyCount "86"]
[EventDate "2017.11.12"]
[WhiteTeam "Kent KJCA Kestrels"]
[BlackTeam "Invicta Chess"]

1. d4 d5 2. c4 c6 3. Nc3 Nf6 4. Nf3 dxc4 5. Bf4 Bf5 6. e3 b5 7. a4 Nd5 8. axb5
Nxc3 9. bxc3 cxb5 10. g3 e6 11. Bg2 Be4 12. O-O Bd6 13. Bxd6 Qxd6 14. Nd2 Bxg2
15. Kxg2 O-O 16. Qf3 Nd7 17. Ne4 Qd5 18. Ra6 f5 19. Nd6 Qxf3+ 20. Kxf3 e5 21.
Nxb5 exd4 22. exd4 Rf7 23. Rfa1 Nf6 24. Rxa7 Raxa7 25. Rxa7 Rxa7 26. Nxa7 Nd5
27. Nb5 Kf8 28. Nd6 Nxc3 29. Nxc4 Ke7 30. Ne3 g6 31. Kf4 Kf6 32. d5 Ne2+ 33.
Kf3 Nd4+ 34. Kg2 Ke5 35. f4+ Kd6 36. h3 Ne2 37. Kf2 Nc3 38. g4 fxg4 39. hxg4
Nxd5 40. Nxd5 Kxd5 41. g5 Ke4 42. Kg3 Ke3 43. Kg4 Ke4 1/2-1/2

[Event "4NCL Division 4 South"]
[Site "Reading, ENG"]
[Date "2017.11.12"]
[Round "2.101"]
[White "Isaksen, Peter A"]
[Black "Jamroz, Krzysztof"]
[Result "0-1"]
[WhiteElo "1907"]
[BlackElo "1963"]
[PlyCount "82"]
[EventDate "2017.11.12"]
[WhiteTeam "Camberley Juniors"]
[BlackTeam "K Kings 2"]

1. e4 c5 2. c3 Nf6 3. e5 Nd5 4. d4 cxd4 5. Nf3 Nc6 6. cxd4 d6 7. Bc4 dxe5 8.
Nxe5 e6 9. O-O Be7 10. Nc3 Nxc3 11. Nxc6 Qc7 12. bxc3 Qxc6 13. Qd3 O-O 14. Bf4
Bf6 15. Bb5 Qd5 16. Rfd1 Bd7 17. Rab1 Bc6 18. Bxc6 Qxc6 19. c4 Rac8 20. d5 Qxc4
21. Qxc4 Rxc4 22. Bd6 Rd8 23. dxe6 fxe6 24. Ba3 Rxd1+ 25. Rxd1 Rc2 26. f3 Re2
27. Rd3 b5 28. Bc5 e5 29. Rd7 b4 30. Rb7 Bg5 31. Kh1 Bd2 32. Kg1 Bc3 33. h4 h5
34. g4 Kh7 35. gxh5 Kh6 36. Rb5 Rc2 37. Be3+ Kxh5 38. f4 Kg4 39. fxe5 Kg3 40.
Bf2+ Rxf2 41. e6 Re2 0-1

[Event "4NCL Division 4 South"]
[Site "Reading, ENG"]
[Date "2017.11.12"]
[Round "2.102"]
[White "Jamroz, Viktor"]
[Black "Vallis, Luke"]
[Result "0-1"]
[WhiteElo "1678"]
[BlackElo "1975"]
[PlyCount "68"]
[EventDate "2017.11.12"]
[WhiteTeam "K Kings 2"]
[BlackTeam "Camberley Juniors"]

1. e4 c5 2. Nf3 e6 3. c3 Nf6 4. e5 Nd5 5. Bc4 Nb6 6. Bb3 Nc6 7. d4 cxd4 8. cxd4
d6 9. O-O Be7 10. Nc3 O-O 11. Bc2 dxe5 12. dxe5 a6 13. a3 Nc4 14. Qe2 Nb6 15.
Qe4 g6 16. Bh6 Re8 17. Rad1 Nd7 18. Rfe1 Qc7 19. Qf4 Rb8 20. h4 Bf8 21. Bxf8
Rxf8 22. Ne4 Ncxe5 23. Rxd7 Nxf3+ 24. Qxf3 Bxd7 25. Nf6+ Kg7 26. Re2 Bb5 27.
Nh5+ gxh5 28. Qxh5 Rh8 29. Qg5+ Kf8 30. Rxe6 fxe6 31. Qf6+ Ke8 32. Qxh8+ Kd7
33. Qxh7+ Kd6 34. Qd3+ Bxd3 0-1